000 00702nam a2200229 i 4500
001 bg
100 1 _aJankowski, Piotr
_c(elektrotechnika).
245 1 0 _aAnaliza wyników pomiarowych w elektrotechnice w środowisku Mathcad :
_blaboratorium /
_cPiotr Jankowski.
260 _aGdynia :
_bWydawnictwo Akademii Morskiej,
_c2007.
300 _a166, 1 s. :
_brys., wykr. ;
_c24 cm.
504 _aBibliogr.
630 0 9 _aMathcad
650 9 _aElektrotechnika
655 _aPodręczniki akademickie
020 _a9788374210034
040 _cBPK
041 0 _apol
080 _a621.317:004.42](075.8)(076)
920 _a978-83-7421-003-4
942 _cKS
008 s pl f |000 0 pol
999 _c53278
_d53278
856 _uhttp://koha.tu.koszalin.pl/cgi-bin/koha/opac-detail.pl?biblionumber=53278
_yKatalog online BPK